000 00213ngm a2200085 454500
008 180718b xxu||||| |||| 00| 0 eng d
245 _aTown water supply and sanitation initiative
260 _a
_b
_c
700 _aWorld Bank
999 _c447216
_d447216